| 000 | 00391nam a2200157 4500 | ||
|---|---|---|---|
| 020 | _a9789391293215 | ||
| 082 |
_aM1 _bVIJ/L |
||
| 100 | _aVijayarajamallika | ||
| 245 |
_aLilithinu maranamilla/ _cby Vijayarajamallika |
||
| 260 |
_aThrissur: _bIvory Books, _c2021 |
||
| 300 | _a71p. | ||
| 650 | _aPoetry Malayalam | ||
| 650 | _aLiterature Malayalam | ||
| 650 | _aLiterature | ||
| 942 | _cBK | ||
| 999 |
_c181594 _d181594 |
||